[Event "GRE-chT 49th"]
[Site "Thessaloniki"]
[Date "2022.08.13"]
[Round "2"]
[White "Koronas, Vasilios"]
[Black "Leftheriotis, Alexandros"]
[Result "0-1"]
[WhiteElo "1789"]
[BlackElo "1902"]
[PlyCount "54"]
[EventDate "2022.08.12"]
[EventType "team-swiss"]
[EventRounds "7"]
[EventCountry "GRE"]
[SourceTitle "EXT 2024"]
[Source "ChessBase"]
[SourceDate "2023.10.10"]
[SourceVersion "1"]
[SourceVersionDate "2023.10.10"]
[SourceQuality "1"]
[WhiteTeam "Volou SE"]
[BlackTeam "Kerkeras"]
[WhiteTeamCountry "GRE"]
[BlackTeamCountry "GRE"]

1. Nf3 Nf6 2. g3 g6 3. b3 Bg7 4. Bb2 0-0 5. Bg2 d5 6. c4 dxc4 7. bxc4 c5 8. 0-0 Nc6 9. d3 Qc7 10. Nc3 Rd8 11. Qc2 a6 12. Rfc1 Bg4 13. e3 Nb4 14. Qb3 Nxd3 15. Rc2 Nxb2 16. Rxb2 Rab8 17. Rab1 Bf5 18. Rc1 Ne4 19. Nd5 Qd6 20. Rbb1 b5 21. Nh4 bxc4 22. Nxe7+ Qxe7 23. Qxb8 Rxb8 24. Rxb8+ Bf8 25. Rxc4 Qd6 26. Re8 Qd1+ 27. Bf1 Nd2 0-1

[Event "GRE-chT 49th"]
[Site "Thessaloniki"]
[Date "2022.08.12"]
[Round "1"]
[White "Vourtsas, Athanasios"]
[Black "Koronas, Vasilios"]
[Result "1/2-1/2"]
[WhiteElo "2037"]
[BlackElo "1789"]
[PlyCount "38"]
[EventDate "2022.08.12"]
[EventType "team-swiss"]
[EventRounds "7"]
[EventCountry "GRE"]
[SourceTitle "EXT 2024"]
[Source "ChessBase"]
[SourceDate "2023.10.10"]
[SourceVersion "1"]
[SourceVersionDate "2023.10.10"]
[SourceQuality "1"]
[WhiteTeam "Polygyrou ASO"]
[BlackTeam "Volou SE"]
[WhiteTeamCountry "GRE"]
[BlackTeamCountry "GRE"]

1. Nf3 g6 2. c4 c5 3. Nc3 Bg7 4. g3 b6 5. Bg2 Bb7 6. 0-0 Nf6 7. a3 0-0 8. Rb1 d5 9. Ne1 Qd7 10. cxd5 Nxd5 11. Nxd5 Bxd5 12. d3 Nc6 13. e4 Ba2 14. Ra1 Be6 15. f4 Bg4 16. Bf3 Bh3 17. Bg2 Bg4 18. Bf3 Bh3 19. Bg2 Bg4 1/2-1/2

[Event "Agios Ioannis Pelion op 1st"]
[Site "Agios Ioannis"]
[Date "2018.06.21"]
[Round "7"]
[White "Koronas, Vasilios"]
[Black "Tsarsitalidis, Konstantinos"]
[Result "0-1"]
[WhiteElo "1784"]
[BlackElo "1773"]
[PlyCount "84"]
[EventDate "2018.06.16"]
[EventType "swiss"]
[EventRounds "9"]
[EventCountry "GRE"]
[SourceTitle "CBM 185 Extra"]
[Source "ChessBase"]
[SourceDate "2018.07.29"]
[SourceVersion "1"]
[SourceVersionDate "2018.07.29"]
[SourceQuality "1"]

1. Nf3 Nf6 2. g3 g6 3. b3 Bg7 4. Bb2 d5 5. c4 c6 6. Bg2 0-0 7. 0-0 Re8 8. d4 a5 9. Nc3 Ne4 10. cxd5 Nxc3 11. Bxc3 cxd5 12. Ne5 Nc6 13. Qd2 f6 14. Nxc6 bxc6 15. e4 Bb7 16. Rfd1 a4 17. Qc2 axb3 18. Qxb3 Rb8 19. a4 Ba6 20. Qc2 Bc4 21. Rdb1 e5 22. a5 Bf8 23. a6 Ra8 24. a7 Qd7 25. dxe5 fxe5 26. Rd1 Bc5 27. exd5 cxd5 28. Be1 Bd4 29. Bc3 Rxa7 30. Rxa7 Qxa7 31. Bxd4 exd4 32. Qd2 d3 33. Qg5 Qd4 34. h4 Qe5 35. Qg4 d2 36. Bf3 Qe1+ 37. Kg2 Bf1+ 38. Kh2 Qxf2+ 39. Kh1 Bh3 40. Bxd5+ Kh8 41. Qb4 Re1+ 42. Rxe1 dxe1Q+ 0-1

[Event "Agios Ioannis Pelion op 1st"]
[Site "Agios Ioannis"]
[Date "2018.06.18"]
[Round "4"]
[White "Lagaras, Stylianos"]
[Black "Koronas, Vasilios"]
[Result "1-0"]
[WhiteElo "1937"]
[BlackElo "1784"]
[PlyCount "45"]
[EventDate "2018.06.16"]
[EventType "swiss"]
[EventRounds "9"]
[EventCountry "GRE"]
[SourceTitle "CBM 185 Extra"]
[Source "ChessBase"]
[SourceDate "2018.07.29"]
[SourceVersion "1"]
[SourceVersionDate "2018.07.29"]
[SourceQuality "1"]

1. d4 g6 2. e4 Bg7 3. Nc3 d6 4. g3 Nd7 5. Nge2 a6 6. a4 b6 7. Bg2 Bb7 8. 0-0 e6 9. Be3 h6 10. Qd3 Ne7 11. Rfe1 e5 12. Rad1 0-0 13. f4 c5 14. dxe5 Qe8 15. exd6 Nc6 16. Nd5 Bxb2 17. c3 Na5 18. Nc7 Qc8 19. Bh3 Rb8 20. e5 Qd8 21. e6 fxe6 22. Qxg6+ Kh8 23. Qxh6+ 1-0

[Event "GRE-chT 45th"]
[Site "Achaia"]
[Date "2017.07.03"]
[Round "1.14"]
[White "Koronas, Vasilios"]
[Black "Mavrikakis, Georgios"]
[Result "1-0"]
[WhiteElo "1764"]
[BlackElo "2074"]
[PlyCount "65"]
[EventDate "2017.07.03"]
[EventType "team-swiss"]
[EventRounds "7"]
[EventCountry "GRE"]
[SourceTitle "CBM 179 Extra"]
[Source "ChessBase"]
[SourceDate "2017.08.23"]
[SourceVersion "1"]
[SourceVersionDate "2017.08.23"]
[SourceQuality "1"]
[WhiteTeam "Volos IN"]
[BlackTeam "Three Stars 89"]
[WhiteTeamCountry "GRE"]
[BlackTeamCountry "GRE"]

1. g3 f5 2. Bg2 Nf6 3. d3 Nc6 4. Nd2 e5 5. a3 d5 6. b4 e4 7. Bb2 Bd6 8. c4 Be5 9. Bxe5 Nxe5 10. cxd5 exd3 11. Qb3 0-0 12. f4 Neg4 13. Qxd3 Re8 14. Nh3 Ne3 15. Bf3 Nfxd5 16. Nc4 c6 17. Nxe3 Nxe3 18. Qb3+ Nd5 19. Rd1 Be6 20. Ng5 Qb6 21. Nxe6 Rxe6 22. Bxd5 cxd5 23. Rxd5 Kh8 24. Rxf5 Rc8 25. Kf1 Rc1+ 26. Kg2 Rxe2+ 27. Kf3 Rf2+ 28. Kg4 Rc8 29. Rc1 Ra8 30. Qf7 Qd8 31. Rd5 Qb6 32. Rc7 Qh6 33. Rh5 1-0

[Event "Paleochora op 7th"]
[Site "Paleochora"]
[Date "2014.07.27"]
[Round "8"]
[White "Tzouganakis, Panteleimon"]
[Black "Koronas, Vasilios"]
[Result "1-0"]
[WhiteElo "2185"]
[BlackElo "1719"]
[PlyCount "101"]
[EventDate "2014.07.21"]
[EventType "swiss"]
[EventRounds "9"]
[EventCountry "GRE"]
[SourceTitle "CBM 161 Extra"]
[Source "ChessBase"]
[SourceDate "2014.08.29"]
[SourceVersion "1"]
[SourceVersionDate "2014.08.29"]
[SourceQuality "1"]

1. e4 c5 2. Nf3 d6 3. d4 cxd4 4. Nxd4 Nf6 5. Nc3 a6 6. f4 Nbd7 7. Be2 g6 8. Be3 Bg7 9. Bf3 0-0 10. Nb3 Qc7 11. g4 Nb6 12. g5 Nfd7 13. Qd3 Bxc3+ 14. bxc3 Na4 15. Bd2 Rb8 16. h4 b5 17. h5 Kg7 18. Bg2 Bb7 19. Qh3 Rh8 20. f5 Rbg8 21. Nd4 Nac5 22. hxg6 hxg6 23. f6+ exf6 24. gxf6+ Kxf6 25. Qg3 Rxh1+ 26. Bxh1 Ke7 27. Nf5+ gxf5 28. Qxg8 fxe4 29. Bg5+ Nf6 30. Bxf6+ Kxf6 31. 0-0-0 d5 32. Rf1+ Ke6 33. Bg2 Nd3+ 34. Kb1 Ne5 35. Qf8 Qxc3 36. Bh3+ Qxh3 37. Qe8+ Kd6 38. Rf6+ Kc5 39. Qxe5 Qe3 40. a3 Qg1+ 41. Ka2 Qe1 42. Qc7+ Kd4 43. Qxb7 e3 44. Rf4+ Kc3 45. Qxd5 Kxc2 46. Qb3+ Kd2 47. Qb2+ Kd1 48. Rd4+ Qd2 49. Rxd2+ exd2 50. Kb3 Ke2 51. Kc3 1-0

[Event "Paleochora op 7th"]
[Site "Paleochora"]
[Date "2014.07.21"]
[Round "1"]
[White "Koronas, Vasilios"]
[Black "Mirzoev, Azer"]
[Result "0-1"]
[WhiteElo "1719"]
[BlackElo "2554"]
[PlyCount "94"]
[EventDate "2014.07.21"]
[EventType "swiss"]
[EventRounds "9"]
[EventCountry "GRE"]
[SourceTitle "CBM 161 Extra"]
[Source "ChessBase"]
[SourceDate "2014.08.29"]
[SourceVersion "1"]
[SourceVersionDate "2014.08.29"]
[SourceQuality "1"]

1. Nf3 c5 2. g3 Nc6 3. Bg2 g6 4. d4 cxd4 5. Nxd4 Bg7 6. c3 Nf6 7. 0-0 0-0 8. Bg5 h6 9. Bf4 Qb6 10. Nb3 d5 11. Qc1 Kh7 12. N1d2 e5 13. Be3 Qc7 14. Bc5 Rd8 15. e4 dxe4 16. Nxe4 Nxe4 17. Bxe4 Bh3 18. Rd1 f5 19. Bg2 Bxg2 20. Kxg2 b6 21. Be3 Qb7 22. Kg1 e4 23. Nd4 Ne5 24. Ne6 Nf3+ 25. Kg2 Rxd1 26. Qxd1 Be5 27. Qc1 g5 28. Nd4 Bxd4 29. cxd4 Rg8 30. Qc4 Rg7 31. h4 gxh4 32. Qe6 Rg6 33. Qxf5 hxg3 34. Rh1 gxf2+ 35. Kxf2 Kg7 36. d5 Qe7 37. Qf4 Rf6 38. d6 Qxd6 39. Qg4+ Ng5+ 40. Ke1 Qe5 41. Rh5 Qf5 42. Qg2 Kg6 43. Rh4 Kf7 44. Bxg5 hxg5 45. Rxe4 Qxe4+ 46. Qxe4 Re6 47. Qxe6+ Kxe6 0-1

[Event "GRE-ch U16"]
[Site "Kallithea"]
[Date "2009.06.27"]
[Round "4"]
[White "Pavlidis, Antonios"]
[Black "Koronas, Vasilios"]
[Result "1-0"]
[WhiteElo "2307"]
[BlackElo "1766"]
[PlyCount "61"]
[EventDate "2009.06.25"]
[EventType "swiss"]
[EventRounds "9"]
[EventCountry "GRE"]
[SourceTitle "EXT 2011"]
[Source "ChessBase"]
[SourceDate "2010.11.26"]
[SourceVersion "1"]
[SourceVersionDate "2010.11.26"]
[SourceQuality "1"]

1. e4 c5 2. Nf3 d6 3. d4 cxd4 4. Nxd4 Nf6 5. Nc3 a6 6. Bg5 e6 7. f4 Qb6 8. Qd3 Nc6 9. Bxf6 gxf6 10. Nb3 Bd7 11. 0-0-0 0-0-0 12. Be2 Rg8 13. g3 Kb8 14. Kb1 Rc8 15. Qf3 Rg7 16. Rd2 Na5 17. Rhd1 Nc4 18. Rd4 Na5 19. Qh5 Nxb3 20. axb3 f5 21. exf5 d5 22. fxe6 fxe6 23. f5 Bc5 24. R4d3 d4 25. f6 Rg6 26. Ne4 Bb5 27. R3d2 Bxe2 28. Rxe2 Ka7 29. Qe5 a5 30. f7 Qb5 31. Nd6 1-0

[Event "GRE-ch U16"]
[Site "Kallithea"]
[Date "2009.06.26"]
[Round "3"]
[White "Koronas, Vasilios"]
[Black "Barbagiannis, Panayotis"]
[Result "1/2-1/2"]
[WhiteElo "1766"]
[BlackElo "1922"]
[PlyCount "77"]
[EventDate "2009.06.25"]
[EventType "swiss"]
[EventRounds "9"]
[EventCountry "GRE"]
[SourceTitle "EXT 2011"]
[Source "ChessBase"]
[SourceDate "2010.11.26"]
[SourceVersion "1"]
[SourceVersionDate "2010.11.26"]
[SourceQuality "1"]

1. e4 c5 2. Nf3 Nc6 3. c3 d5 4. exd5 Qxd5 5. Na3 e5 6. d4 cxd4 7. Nb5 Qd8 8. cxd4 a6 9. d5 Nb4 10. Nc3 Bf5 11. Qa4+ b5 12. Nxb5 Bd7 13. d6 axb5 14. Qxb4 Ra4 15. Qc5 Re4+ 16. Be3 Qa5+ 17. Nd2 f6 18. Bd3 Rg4 19. 0-0 Qb4 20. Nb3 Rxg2+ 21. Kxg2 Qg4+ 22. Kh1 Qf3+ 23. Kg1 Bc6 24. Qxc6+ Qxc6 25. Rac1 Qd7 26. Rfd1 Bxd6 27. Nc5 Qg4+ 28. Kf1 Ne7 29. Bxb5+ Kf7 30. Bc4+ Kg6 31. Rxd6 Nf5 32. Bd3 Rb8 33. b3 Rb4 34. Nd7 Qh3+ 35. Ke1 e4 36. Nf8+ Kh5 37. Be2+ Kh4 38. Rd7 Rb8 39. Nxh7 1/2-1/2

[Event "GRE-chT U16"]
[Site "Chalkida"]
[Date "2008.10.12"]
[Round "4.3"]
[White "Koronas, Vasilios"]
[Black "Tompros, Andreas Hristos"]
[Result "1/2-1/2"]
[WhiteElo "1732"]
[BlackElo "1807"]
[PlyCount "78"]
[EventDate "2008.10.11"]
[EventType "team-swiss"]
[EventRounds "5"]
[EventCountry "GRE"]
[SourceTitle "EXT 2011"]
[Source "ChessBase"]
[SourceDate "2010.11.26"]
[SourceVersion "1"]
[SourceVersionDate "2010.11.26"]
[SourceQuality "1"]

1. Nf3 d5 2. g3 c5 3. Bg2 Nc6 4. d4 e6 5. b3 Be7 6. Bb2 cxd4 7. Nxd4 Nxd4 8. Bxd4 Bf6 9. 0-0 Bd7 10. Bxf6 Nxf6 11. c4 Bc6 12. Nd2 0-0 13. Rc1 Rc8 14. cxd5 Bxd5 15. Nf3 Rxc1 16. Qxc1 Qb8 17. Qe3 Rc8 18. Rc1 b6 19. Nd4 Bxg2 20. Kxg2 Nd5 21. Qd2 Qb7 22. Nf3 Kf8 23. Rxc8+ Qxc8 24. e4 Nf6 25. Qb4+ Qc5 26. Qxc5+ bxc5 27. Nd2 Ke7 28. e5 Nd5 29. Ne4 Nb4 30. a3 Nd3 31. f4 f6 32. exf6+ gxf6 33. Kf3 f5 34. Nd2 Ne1+ 35. Ke2 Nc2 36. Nc4 Nd4+ 37. Kd3 Nxb3 38. Ne5 Na5 39. h3 a6 1/2-1/2

[Event "GRE-ch U16"]
[Site "Kallithea"]
[Date "2008.07.01"]
[Round "6"]
[White "Koronas, Vasilios"]
[Black "Malikentzos, Sotirios"]
[Result "0-1"]
[WhiteElo "1728"]
[BlackElo "2043"]
[PlyCount "58"]
[EventDate "2008.06.28"]
[EventType "swiss"]
[EventRounds "9"]
[EventCountry "GRE"]
[SourceTitle "EXT 2010"]
[Source "ChessBase"]
[SourceDate "2010.11.25"]
[SourceVersion "1"]
[SourceVersionDate "2010.11.25"]
[SourceQuality "1"]

1. e4 c6 2. c4 d5 3. exd5 cxd5 4. cxd5 Nf6 5. Qa4+ Nbd7 6. Nc3 g6 7. Bc4 Bg7 8. d3 0-0 9. Nf3 Nc5 10. Qa3 b6 11. Rb1 Bf5 12. Ne5 Qc7 13. Nc6 Nxd3+ 14. Ke2 Nc5 15. Nb5 Qb7 16. Bf4 Bxb1 17. Rxb1 Qd7 18. f3 a6 19. Nc7 Nh5 20. Nxa8 Nxf4+ 21. Kf2 Rxa8 22. Qe3 e5 23. b4 b5 24. bxc5 bxc4 25. Qe4 Re8 26. Rd1 Nd3+ 27. Kf1 f5 28. Qe3 Qxd5 29. Nxe5 Rxe5 0-1

[Event "GRE-ch U16"]
[Site "Kallithea"]
[Date "2008.06.28"]
[Round "1"]
[White "Kaforos, Dimitrios Alkis"]
[Black "Koronas, Vasilios"]
[Result "1/2-1/2"]
[WhiteElo "2167"]
[BlackElo "1728"]
[PlyCount "94"]
[EventDate "2008.06.28"]
[EventType "swiss"]
[EventRounds "9"]
[EventCountry "GRE"]
[SourceTitle "EXT 2010"]
[Source "ChessBase"]
[SourceDate "2010.11.25"]
[SourceVersion "1"]
[SourceVersionDate "2010.11.25"]
[SourceQuality "1"]

1. d4 d5 2. c4 c6 3. Nc3 Nf6 4. Nf3 e6 5. Bg5 h6 6. Bxf6 Qxf6 7. e3 Nd7 8. Bd3 dxc4 9. Bxc4 g6 10. 0-0 Bg7 11. e4 0-0 12. e5 Qe7 13. Qe2 b6 14. Ne4 c5 15. Nd6 cxd4 16. Qe4 Rb8 17. Qxd4 Rd8 18. Rfd1 Bb7 19. Nxb7 Rxb7 20. Bb5 Rbb8 21. Qc3 Rbc8 22. Qe3 Rc5 23. Bxd7 Rxd7 24. Rac1 Rcd5 25. Rxd5 Rxd5 26. h4 Qb4 27. Rc8+ Kh7 28. Rc7 Kg8 29. g3 Qxb2 30. Rxa7 Ra5 31. Rb7 Rxa2 32. Rxb6 Qa1+ 33. Kg2 Qd1 34. Rd6 Qe2 35. Qd4 Ra3 36. Rd8+ Kh7 37. Qf4 Ra7 38. Rd2 Qb5 39. Qd4 Ra5 40. Rb2 Qd5 41. Qf4 Qd7 42. Rb8 Qc7 43. Qb4 Ra7 44. Kh2 Bxe5 45. Re8 Qd6 46. Qb5 Bg7 47. Rb8 Qd7 1/2-1/2

[Event "World Amateur-ch"]
[Site "Kallithea"]
[Date "2008.04.29"]
[Round "1"]
[White "Koronas, Vasilios"]
[Black "Vlahos, Athanasios"]
[Result "1/2-1/2"]
[WhiteElo "1728"]
[BlackElo "1988"]
[PlyCount "49"]
[EventDate "2008.04.29"]
[EventType "swiss"]
[EventRounds "9"]
[EventCountry "GRE"]
[SourceTitle "CBM 124 Extra"]
[Source "ChessBase"]
[SourceDate "2008.07.03"]
[SourceVersion "1"]
[SourceVersionDate "2008.07.03"]
[SourceQuality "1"]

1. d4 d5 2. Nf3 Nf6 3. g3 c6 4. Bg2 Bf5 5. b3 e6 6. Bb2 Bd6 7. Nbd2 Nbd7 8. Nh4 Bg4 9. c4 a5 10. Qc2 0-0 11. e4 dxe4 12. Nxe4 Nxe4 13. Bxe4 Bb4+ 14. Kf1 Bh3+ 15. Bg2 Bxg2+ 16. Kxg2 Be7 17. Nf3 Bf6 18. Rad1 Qc8 19. Nd2 c5 20. Ne4 Bxd4 21. Bxd4 cxd4 22. Rxd4 Qc6 23. Rd6 Qc7 24. Rhd1 Nc5 25. Nxc5 1/2-1/2

[Event "Thessalias op 18th"]
[Site "Volos"]
[Date "2008.??.??"]
[Round "5"]
[White "Romanos, Theodoros"]
[Black "Koronas, Vasilios"]
[Result "1-0"]
[WhiteElo "2039"]
[BlackElo "1726"]
[PlyCount "27"]
[EventDate "2008.09.20"]
[EventType "swiss"]
[EventRounds "9"]
[EventCountry "GRE"]
[SourceTitle "EXT 2024"]
[Source "ChessBase"]
[SourceDate "2023.10.10"]
[SourceVersion "1"]
[SourceVersionDate "2023.10.10"]
[SourceQuality "1"]

1. e4 d5 2. exd5 Qxd5 3. d4 Nf6 4. Bd3 c6 5. Bf4 Bg4 6. Nf3 Nbd7 7. c3 e6 8. Nbd2 Qf5 9. Bg3 c5 10. Be2 Nd5 11. 0-0 N7f6 12. Bb5+ Nd7 13. Bxd7+ Kxd7 14. Ne5+ 1-0

[Event "Nikaia op 15th"]
[Site "Nikaia"]
[Date "2007.08.27"]
[Round "6"]
[White "Koronas, Vasilios"]
[Black "Sismanis, Aggelos"]
[Result "0-1"]
[WhiteElo "1691"]
[BlackElo "2183"]
[PlyCount "72"]
[EventDate "2007.08.23"]
[EventType "swiss"]
[EventRounds "9"]
[EventCountry "GRE"]
[SourceTitle "CBM 120 Extra"]
[Source "ChessBase"]
[SourceDate "2007.11.01"]
[SourceVersion "1"]
[SourceVersionDate "2007.11.01"]
[SourceQuality "1"]

1. d4 Nf6 2. Nf3 g6 3. g3 Bg7 4. Bg2 0-0 5. b3 d6 6. Bb2 c6 7. Nbd2 Nbd7 8. 0-0 Qc7 9. c4 e5 10. e4 Re8 11. Re1 exd4 12. Nxd4 Nc5 13. Qc2 a5 14. a3 Qb6 15. h3 Bd7 16. Re2 Nh5 17. Rae1 Nxg3 18. fxg3 Ne6 19. N2f3 Nxd4 20. Nxd4 Bxd4+ 21. Bxd4 Qxd4+ 22. Kh2 Qe5 23. Rd1 Rad8 24. Red2 Be6 25. Rd3 f5 26. Qd2 fxe4 27. Re3 Bf5 28. Rde1 d5 29. Qxa5 d4 30. Qxe5 Rxe5 31. Rd1 Ree8 32. Ree1 e3 33. g4 Bc2 34. Rc1 d3 35. Rh1 d2 36. Rxc2 e2 0-1

[Event "World School-ch U15 3rd"]
[Site "Chalkidiki"]
[Date "2007.04.29"]
[Round "2.6"]
[White "Koronas, Vasilios"]
[Black "Filippas, Sebastian"]
[Result "0-1"]
[WhiteElo "1696"]
[BlackElo "2118"]
[PlyCount "36"]
[EventDate "2007.04.28"]
[EventType "team-tourn"]
[EventRounds "9"]
[EventCountry "GRE"]
[SourceTitle "CBM 118 Extra"]
[Source "ChessBase"]
[SourceDate "2007.07.04"]
[SourceVersion "1"]
[SourceVersionDate "2007.07.04"]
[SourceQuality "1"]

1. Nf3 Nf6 2. d4 g6 3. c4 Bg7 4. b3 c5 5. e3 0-0 6. Bb2 cxd4 7. exd4 d5 8. g3 Nc6 9. Bg2 Be6 10. Nbd2 Nb4 11. Ne5 Nd7 12. Nxd7 Nd3+ 13. Ke2 Nxb2 14. Qc2 Qxd7 15. Qxb2 dxc4 16. bxc4 Bxd4 17. Qxb7 Bg4+ 18. Bf3 Qxb7 0-1

[Event "Thessalias-ch U14"]
[Site "Thessalias"]
[Date "2007.??.??"]
[Round "4"]
[White "Koronas, Vasilios"]
[Black "Malikentzos, Sotirios"]
[Result "1/2-1/2"]
[WhiteElo "1689"]
[BlackElo "1908"]
[PlyCount "47"]
[EventDate "2007.??.??"]
[EventType "swiss"]
[EventRounds "7"]
[EventCountry "GRE"]
[SourceTitle "EXT 2010"]
[Source "ChessBase"]
[SourceDate "2010.11.25"]
[SourceVersion "1"]
[SourceVersionDate "2010.11.25"]
[SourceQuality "1"]

1. e4 c5 2. Nf3 g6 3. d4 cxd4 4. Nxd4 Nc6 5. Be3 Bg7 6. Nxc6 bxc6 7. c3 Nf6 8. Be2 Nxe4 9. Nd2 Nxd2 10. Qxd2 d6 11. Bh6 0-0 12. Bxg7 Kxg7 13. h4 h5 14. Bxh5 e5 15. Bf3 d5 16. h5 Rh8 17. 0-0-0 Qa5 18. Qg5 d4 19. hxg6 f6 20. Qg3 Rxh1 21. Rxh1 dxc3 22. Rh7+ Kg8 23. Rh8+ Kg7 24. Rh7+ 1/2-1/2